Представление документа в формате RUSMARC

ПолеНазваниеЗначение
  Тип записи a
  Библиографический уровень m
001 Контрольный номер RU/SLIB/B/208749261
005 Дата корректировки 20201206204124.1
010 Индекс ISBN __
d Цена 1600-00
101 Язык документа __
a Язык текста rus
200 Заглавие и сведения об ответственности __
a Заглавие Литературный Петербург, Петроград
f Первые сведения об ответственности авт.-сост. Л. Д. Микитич
b Общее обозначение материала Текст
210 Выходные данные __
a Место издания М.
c Издательство Совет. Россия
d Дата издания 1991
215 Физическое описание __
a Объем 333 с.
606 Тематические рубрики __
a Основная рубрика Литературоведение
y Географическая подрубрика Петроград; Петербург; Россия
606 Тематические рубрики __
a Основная рубрика Русская литература в целом
610 Ключевые слова __
a Ключевые слова литературные направления; писатели
686 Индексы других классификаций __
a Классификационный индекс 83.3(2Рос=Рус)я6
702 Вторичная интеллектуальная ответственность _1
a Фамилия Микитич
b Имя Л. Д.
4 Код отношения Автор-составитель
801 Источник записи _0
a Страна RU
b Организация Муниципальное бюджетное учреждение культуры "Централизованная библиотечная система" г. Сургут (Центральная городская библиотека им. А. С. Пушкина)
g Правила каталогизации КиК/Елгина
801 Источник записи _1
a Страна RU
b Организация Муниципальное бюджетное учреждение культуры "Централизованная библиотечная система" г. Сургут (Центральная городская библиотека им. А. С. Пушкина)
g Правила каталогизации КиК/Елгина
852 Данные о местонахождении __
j Шифр хранения 83.3(2Рос=Рус)я6
c Каталожный индекс 83.3(2Рос=Рус)я6
i Авторский знак Л 64
p Инвентарный номер 50094
901 Тип документа __
t Тип документа m
990 Данные о заказе (DOS) __
j Количество экземпляров (DOS) 1